000
00326nam a2200145Ia 4500
003
OSt
008
191201s2018 xx 000 0 und d
082
_a
658.421
_b
HIE
100
_a
HISRICH, Robert D
245
0
_a
Entrepreneurship
260
_b
TMH
_c
2018
_a
New Delhi
300
_a
580
650
_a
B.Tech(ME)
942
_2
ddc
_c
BK
999
_c
6837
_d
6837